Statistiques concernant Dates historiques aléatoires (II)

Cliquez ici pour prendre le quiz!

Statistiques générales

  • Ce quiz a été pris 51 fois
  • Le résultat moyen est 7 sur 15

Statistiques - réponses

EvénementDate(s)% Correct
Crise de Cuba1962
80%
Création d'Israël1948
73%
Abolition de la peine de mort en France1981
73%
Fin de la Guerre de Corée1953
71%
Marche sur Rome de Mussolini1922
58%
Assassinat d'Henri IV1610
47%
Coup d'Etat de Louis Napoléon Bonaparte1851
44%
Indépendance de la Turquie1923
44%
Protocole de Wannsee1942
44%
Doctrine Jdanov1947
42%
Publication du "Manifeste du Parti Communiste" par K. Marx1848
38%
Légalisation de la pilule contraceptive en France1967
33%
Début réel du règne de Louis XIV (pas son sacre)1661
31%
Ordonnance de Colbert (sur les eaux et forêts)1669
24%
Sacre de Pépin le Bref751
24%

Distribution des résultats

Percentile par nombre de réponses

% des personnes avec chaque résultat

Votre développement - résultats

Vous n’avez pas pris ce quiz